01746nam a2200241 i 4500003000900000005001700009007000300026008004100029040003000070082002200100110009800122240001900220245058100239264005400820300002500874336002700899337003400926338002800960740010100988740018801089740013901277740008801416DO-SdBNP20250607073644.0ta091207s2014 dr 000 0 spa d aDO-SdBNPbspacBNPHUerda axxxxbR426L, 20141 aRepública Dominicana. b Secretaria de Estado de Salud Pública y Asistencia Social (2001)13a[ Leyes, etc.]10aLey No. 285-04, sobre migración, promulgada el 15 de agosto del 2004 :bLey No. 1683, sobre naturalización, del 16 de abril de 1948, G.O. 6782 con sus modificaciones ; Ley No. 169-14, que establece un régimen especial para personas nacidas en el territorio nacional inscritas irregularmente en le Registro Civil dominicano y sobre naturalización ; Decreto No. 327-13, Plan Nacional de Regularización de Extranjeros en situación migratoria irregular en la República Dominicana ; Reglamento No. 631-11, de aplicación de la Ley General de Migración No. 285-04 / 1aSanto Domingo :b[editor no identificado],c2014. a92 páginasc21 cm. 2rdacontentatextobtxt 2rdamediaasin mediación bn 2rdacarrieravolumenbnc aLey No. 1683, sobre naturalización, del 16 de abril de 1948, G.O. 6782 con sus modificaciones  aLey No. 169-14, que establece un régimen especial para personas nacidas en el territorio nacional inscritas irregularmente en le Registro Civil dominicano y sobre naturalización  aDecreto No. 327-13, Plan Nacional de Regularización de Extranjeros en situación migratoria irregular en la República Dominicana  aReglamento No. 631-11, de aplicación de la Ley General de Migración No. 285-04